[Event "LiSB-ch Veterans"]
[Site "Heerlen"]
[Date "1999.11.20"]
[Round "2"]
[White "Lemaire, Jack"]
[Black "De Wit, Gerrit"]
[Result "0-1"]
[WhiteElo "1726"]
[BlackElo "1697"]
[PlyCount "150"]
[EventDate "1999.11.20"]
[EventType "swiss"]
[EventRounds "5"]
[EventCountry "NED"]
[SourceTitle "EXT 2001"]
[Source "ChessBase"]
[SourceDate "2000.11.22"]
[SourceVersion "1"]
[SourceVersionDate "2000.11.22"]
[SourceQuality "1"]

1. d4 d5 2. c4 c6 3. Nc3 Nf6 4. e3 e6 5. Nf3 Nbd7 6. Bd3 Bd6 7. 0-0 0-0 8. e4 dxe4 9. Nxe4 Be7 10. Qe2 c5 11. dxc5 Nxc5 12. Nxc5 Bxc5 13. Bg5 h6 14. Bh4 Be7 15. Rfd1 Qb6 16. b3 a5 17. Ne5 Qc5 18. Rab1 Qc7 19. Bxf6 Bxf6 20. Qe4 g6 21. Ng4 Bg7 22. Qe3 Kh7 23. h4 h5 24. Nh2 e5 25. Nf3 f6 26. Be4 Bg4 27. Rd5 Be6 28. Rd3 Rfd8 29. Rbd1 Bh6 30. Qe1 Rxd3 31. Bxd3 Re8 32. Qc3 b6 33. Qc2 Bf7 34. Be4 Bf8 35. Bd5 Be6 36. Bxe6 Rxe6 37. Rd5 Kg7 38. Qd2 Rd6 39. Qd3 Qc6 40. Nd2 f5 41. f3 Be7 42. g3 Rxd5 43. Qxd5 Qxd5 44. cxd5 b5 45. a4 Bb4 46. Nf1 bxa4 47. bxa4 Kf7 48. Kf2 Ke7 49. Ke2 Kd6 50. Ne3 Kc5 51. Kd3 Be1 52. g4 hxg4 53. fxg4 e4+ 54. Ke2 Bxh4 55. gxf5 gxf5 56. d6 f4 57. Nf5 Bd8 58. Kf2 Kd5 59. Nh6 Kxd6 60. Nf7+ Ke7 61. Ng5 Bb6+ 62. Kf1 e3 63. Ke2 Kf6 64. Nf3 Kf5 65. Ne1 Ke4 66. Nf3 Bc5 67. Ng5+ Kd4 68. Ne6+ Kc4 69. Nxf4 Kb3 70. Nd3 Be7 71. Kd1 Kxa4 72. Kc2 Kb5 73. Kb3 Bd6 74. Nc1 a4+ 75. Kc2 Kb4 0-1